| 000 | 00724nam a2200241Ia 4500 | ||
|---|---|---|---|
| 003 | OSt | ||
| 005 | 20220925184957.0 | ||
| 006 | a|||||r|||| 00| 0 | ||
| 007 | ta | ||
| 008 | 220923b |||||||| |||| 00| 0 eng d | ||
| 037 | _cGeneral Book | ||
| 040 |
_aRTL _cRTL _beng |
||
| 041 |
_2eng _aeng |
||
| 082 | _aY31:677.2.N7, L4 | ||
| 100 | _aChaubey N P | ||
| 245 | 0 |
_aMotivational dimensions of rural development _b A s |
|
| 260 |
_aAllahabad _bChaitanya Publishing House _c1974 |
||
| 300 |
_ax, 266p _ccm. |
||
| 500 | _aBibliography: P 226-38; Appendix: P 329-58 | ||
| 650 |
_aRural Social Change _9232348 |
||
| 942 |
_hY31:677.2.N7, L4 _cGB _2CC |
||
| 999 |
_c509434 _d509434 |
||